000 00443nam a22001817a 4500
003 MPLRDC
005 20220104114224.0
008 210129b ||||| |||| 00| 0 eng d
082 _a563.5 CCH
100 _a陈家宏编译
245 _a孙子兵法股票入门
_c
250 _a初版
260 _a
_b武陵出版社
_c1989
300 _b
490 _a投资丛书. 14
650 _a投资与证劵--股票
942 _cBK
_o563.5 CCH
999 _c5791
_d5781